000 00450nam a2200169Ia 4500
008 230917s9999||||xx |||||||||||||| ||und||
020 _cRS3000
040 _e211263
_aMAIN
041 _aEnglish
082 _a630 S64B
100 _aSingh, Parmeshwar
245 0 _aBiodiversity based organic farming
260 _aNew Delhi
_bCentrum Press
_c2013
300 _aviii, 304 p.
500 _a3633 21/10/2013 13413 29/10/2013 Main Budget
942 _cBK
999 _c32928
_d32928